000 00552nam a2200229Ia 4500
003 OSt
005 20220924141457.0
006 a|||||r|||| 00| 0
007 ta
008 220923b |||||||| |||| 00| 0 ben d
024 _a298322
037 _cTextual
040 _aARTS
_cARTS
_bben
041 _2ben
_aben
082 _aO157,6xN1, L3
100 _aBasu
_9154812
245 0 _aChinmayee bangbhumi
260 _c1973
650 _aBENGALI LITERATURE
942 _hO157,6xN1, L3
_cTEXL
_2CC
999 _c447348
_d447348